স্মৃতিময় ঢাকা বিশ্ববিদ্যালয় /
| Format: | Bog |
|---|---|
| Sprog: | Bengali |
| Classic Catalogue: | View this record in Classic Catalogue |
| LEADER | 00856nam a22001817a 4500 | ||
|---|---|---|---|
| 001 | 42258 | ||
| 003 | BD-DhAAL | ||
| 008 | 240215t2006 bg a|||| b||| 00| 0 ben d | ||
| 020 | |a 9843230000 | ||
| 040 | |a BD-DhAAL |c BD-DhAAL | ||
| 041 | |a ben | ||
| 245 | |a স্মৃতিময় ঢাকা বিশ্ববিদ্যালয় / |c সম্পাদক, হোসনে আরা শাহেদ. | ||
| 264 | |a ঢাকা : |b ঢাকা ইউনিভার্সিটি অ্যালামনাই অ্যাসোসিয়েশন, |c ২০০৬. | ||
| 300 | |a ৬৪০ পৃষ্ঠা : |b চিত্র ; |c ২২ সে.মি. | ||
| 504 | |a গ্রন্থপঞ্জিগত নির্দেশিকা অন্তর্ভুক্ত। | ||
| 541 | |a Donated by Rebecca Dipa Khan |e 42258 | ||
| 942 | |2 ddc |c BK | ||
| 999 | |c 46405 |d 46405 | ||